[Event "14th Corsica KO"]
[Site "Bastia FRA"]
[Date "2010.10.29"]
[Round "1.1"]
[White "Fressinet, Laurent"]
[Black "Czebe, Attila"]
[Result "1-0"]
[WhiteTitle "GM"]
[BlackTitle "GM"]
[WhiteElo "2718"]
[BlackElo "2479"]
[WhiteFideId "608742"]
[BlackFideId "705268"]
[EventDate "2010.10.29"]

1. d4 d6 2. Nf3 Nf6 3. c4 g6 4. Nc3 Bf5 5. Qb3 Qc8 6. g3 Bg7 7. Bg2 c6 8. O-O
O-O 9. Re1 Ne4 10. Nh4 Nxc3 11. Nxf5 Nxe2+ 12. Rxe2 Qxf5 13. Qxb7 Nd7 14. Bxc6
Qd3 15. Rd2 Qxc4 16. Bxd7 Rab8 17. Qc6 Qb4 18. Qa4 Qb6 19. Bh3 e6 20. Rd1 d5 21.
b3 Rfc8 22. Be3 Bf8 23. Rac1 Bb4 24. Qd7 Bc3 25. Rc2 Rc7 26. Qa4 Rbc8 27. Rdc1
a5 28. Bf1 Kg7 29. Bf4 1-0

[Event "14th Corsica KO"]
[Site "Bastia FRA"]
[Date "2010.10.29"]
[Round "1.2"]
[White "Czebe, Attila"]
[Black "Fressinet, Laurent"]
[Result "0-1"]
[WhiteTitle "GM"]
[BlackTitle "GM"]
[WhiteElo "2479"]
[BlackElo "2718"]
[WhiteFideId "705268"]
[BlackFideId "608742"]
[EventDate "2010.10.29"]

1. c4 e5 2. g3 Nf6 3. Bg2 h6 4. Nc3 Bb4 5. e4 Bxc3 6. bxc3 O-O 7. d3 c6 8. Ne2
d5 9. cxd5 cxd5 10. exd5 Nxd5 11. O-O Nc6 12. h3 Bf5 13. Kh2 Re8 14. Qb3 Nb6 15.
Rd1 Qc7 16. Be3 Rad8 17. c4 Nd7 18. Nc3 Nf6 19. Nd5 Nxd5 20. cxd5 Nd4 21. Qb2 b6
22. Rac1 Qd7 23. Bxd4 exd4 24. Rc6 Bg6 25. Qd2 Re5 26. Qf4 Re2 27. Rd2 Re7 28.
Be4 Qe8 29. Bxg6 fxg6 30. Qf3 Qf7 31. Qg4 Rxd5 32. Qxg6 Qxg6 33. Rxg6 Rde5 34.
Rc6 Re2 35. Rcc2 Rxd2 36. Rxd2 Kf7 37. Kg2 Ke6 38. Re2+ Kd6 39. Rxe7 Kxe7 40. f4
Ke6 41. Kf3 Kd5 42. g4 0-1

[Event "14th Corsica KO"]
[Site "Bastia FRA"]
[Date "2010.10.29"]
[Round "2.1"]
[White "Fressinet, Laurent"]
[Black "Balogh, Csaba"]
[Result "1/2-1/2"]
[WhiteTitle "GM"]
[BlackTitle "GM"]
[WhiteElo "2718"]
[BlackElo "2608"]
[WhiteFideId "608742"]
[BlackFideId "718939"]
[EventDate "2010.10.29"]

1. d4 d5 2. c4 c6 3. Nc3 Nf6 4. cxd5 cxd5 5. Bf4 Nc6 6. e3 Bf5 7. Bb5 e6 8. Nf3
Nd7 9. O-O Be7 10. Rc1 Rc8 11. Qb3 O-O 12. Bxc6 bxc6 13. Na4 Qa5 14. Ne5 Nxe5
15. Bxe5 Qb5 16. Qd1 f6 17. Bg3 c5 18. Nxc5 Bxc5 19. dxc5 Rxc5 20. Bd6 Rxc1 21.
Qxc1 Rd8 22. Qc7 Qd7 23. Qxd7 Rxd7 24. Bc5 e5 25. Rd1 Kf7 26. f3 g5 27. Rd2 Ke6
28. b4 h5 29. a4 a6 30. a5 Rb7 31. e4 dxe4 32. Rd6+ Kf7 33. Rxa6 exf3 34. gxf3
g4 35. fxg4 hxg4 36. Ra8 Be4 37. a6 Rd7 38. Rb8 f5 39. a7 f4 40. a8=Q Rd1+ 41.
Kf2 Bxa8 42. Rxa8 Rd2+ 43. Kg1 Rd1+ 44. Kf2 Rd2+ 45. Kg1 Rd1+ 46. Kf2 Rd2+ 47.
Kg1 1/2-1/2

[Event "14th Corsica KO"]
[Site "Bastia FRA"]
[Date "2010.10.29"]
[Round "2.2"]
[White "Balogh, Csaba"]
[Black "Fressinet, Laurent"]
[Result "1/2-1/2"]
[WhiteTitle "GM"]
[BlackTitle "GM"]
[WhiteElo "2608"]
[BlackElo "2718"]
[WhiteFideId "718939"]
[BlackFideId "608742"]
[EventDate "2010.10.29"]

1. e4 e5 2. Nf3 Nc6 3. Bb5 a6 4. Ba4 Nf6 5. O-O Be7 6. Re1 b5 7. Bb3 O-O 8. h3
d6 9. c3 Nd7 10. d4 Nb6 11. Nbd2 Bf6 12. Nf1 Re8 13. N1h2 exd4 14. cxd4 Na5 15.
Bc2 c5 16. Ng4 Bxg4 17. hxg4 cxd4 18. g5 Be5 19. Nxd4 g6 20. Rb1 Rc8 21. Nf3 Bg7
22. b3 Nc6 23. Bd3 Nb4 24. Re2 Nd7 25. a3 Nxd3 26. Qxd3 Ne5 27. Nxe5 dxe5 28.
Qxd8 Rexd8 29. Be3 Bf8 30. Ra2 Bc5 31. Bxc5 Rxc5 32. b4 Rc4 33. f3 Rdd4 34. a4
Kg7 35. axb5 axb5 36. Ra7 Rd2 37. Kh2 Rcc2 38. Rg1 Rb2 39. Re7 Rxb4 40. Rxe5 h6
41. gxh6+ Kxh6 42. Kg3 Kg7 43. Kf4 Rbb2 44. g4 Rb3 45. g5 Rf2 46. Rg3 Rh2 47.
Re8 b4 48. Rb8 Rb1 49. Ke5 b3 50. f4 b2 51. Rc3 Rh8 52. Rxh8 Kxh8 53. Rb3 Kg7
54. Rb7 Kg8 55. Rb8+ Kg7 56. Rb7 Kg8 57. Rb8+ Kg7 1/2-1/2

[Event "14th Corsica KO"]
[Site "Bastia FRA"]
[Date "2010.10.29"]
[Round "2.3"]
[White "Balogh, Csaba"]
[Black "Fressinet, Laurent"]
[Result "1-0"]
[WhiteTitle "GM"]
[BlackTitle "GM"]
[WhiteElo "2608"]
[BlackElo "2718"]
[WhiteFideId "718939"]
[BlackFideId "608742"]
[EventDate "2010.10.29"]

1. e4 e5 2. Nf3 Nc6 3. Bb5 a6 4. Ba4 Nf6 5. O-O Be7 6. d3 b5 7. Bb3 d6 8. c3 O-O
9. a4 Bd7 10. Nbd2 b4 11. a5 h6 12. h3 Rb8 13. Nc4 Re8 14. Re1 Bf8 15. Be3 g6
16. Qc2 Bg7 17. Nfd2 d5 18. exd5 Nxd5 19. Ne4 Nxe3 20. Nxe3 bxc3 21. bxc3 Rb5
22. Nc4 Qe7 23. Ba4 Rbb8 24. Qa2 Bf8 25. Ne3 Bg7 26. Nd5 Qd8 27. Nc5 Kh8 28.
Nxa6 Ra8 29. Naxc7 Rxa5 30. Nxe8 Bxe8 31. Ne3 Ne7 32. Qc2 Qa8 33. Bxe8 Rxa1 34.
Rxa1 Qxa1+ 35. Kh2 f5 36. Qb3 e4 37. dxe4 fxe4 38. Qe6 Qa7 39. Bxg6 Bxc3 40.
Bxe4 Bd4 41. Qxh6+ Kg8 42. Nd5 Be5+ 43. f4 Bb8 44. Nxe7+ Qxe7 45. Bd5+ 1-0

[Event "14th Corsica KO"]
[Site "Bastia FRA"]
[Date "2010.10.30"]
[Round "3.4"]
[White "Radjabov, Teimour"]
[Black "Balogh, Csaba"]
[Result "1-0"]
[WhiteTitle "GM"]
[BlackTitle "GM"]
[WhiteElo "2748"]
[BlackElo "2608"]
[WhiteFideId "13400924"]
[BlackFideId "718939"]
[EventDate "2010.10.29"]

1. d4 d5 2. c4 e6 3. Nf3 Nf6 4. Nc3 Bb4 5. Bg5 h6 6. Bxf6 Qxf6 7. e3 c6 8. Bd3
Nd7 9. O-O O-O 10. a3 Bd6 11. e4 dxc4 12. e5 Qf4 13. Ne2 Qg4 14. h3 Qxf3 15.
gxf3 cxd3 16. Qxd3 Be7 17. f4 Nb6 18. Kh2 f5 19. Nc3 Bd7 20. Rg1 Rad8 21. Rg6
Rf7 22. Rag1 Bh4 23. Qf3 Kf8 24. Qg2 Ke7 25. Rxg7 Rf8 26. Qf3 Be8 27. R1g2 Nc4
28. Qe2 Nb6 29. Qh5 Bxf2 30. Qxh6 Be3 31. Rxf7+ Rxf7 32. Re2 Bxd4 33. Qh4+ Kf8
34. Qh8+ Ke7 35. Qh4+ Kd7 36. Rd2 c5 37. Ne2 Nc4 38. Rd3 Nxb2 39. Rb3 Nd1 40.
Rxb7+ Kc6 41. Rxf7 Bxf7 42. Qe7 Bh5 43. Nxd4+ cxd4 44. Qd6+ 1-0